000 00911cam a2200289 a 4500
001 17472062
003 ARRUPE
005 20131007172222.0
008 120924s2012 nyu 000 0 eng
010 _a 2012035785
020 _a9781595588777 (hbk.)
040 _aDLC
_cDLC
_dDLC
041 1 _aeng
_hfre
042 _apcc
050 0 0 _aBD436
_b.B3213 2012
100 1 _aBadiou, Alain.
_92206
240 1 0 _aEloge de l'amour.
_lEnglish
245 1 0 _aIn praise of love /
_cAlain Badiou with Nicolas Truong ; translated by Peter Bush.
260 _aNew York :
_bNew Press,
_c2012.
300 _a104 p. ;
_c19 cm.
600 1 0 _aBadiou, Alain
_vInterviews.
_92207
650 0 _aLove.
_92208
700 1 _aTruong, Nicolas.
_92209
906 _a7
_bcbc
_corignew
_d1
_eecip
_f20
_gy-gencatlg
942 _2lcc
_cMONOGRAPH
999 _c118270
_d118270